Central Library OPAC University of Rajshahi

Basic automatic control theory / (Record no. 15046)

MARC details
000 -LEADER
fixed length control field 00849cam a22002891 4500
001 - CONTROL NUMBER
control field 15046
003 - CONTROL NUMBER IDENTIFIER
rucl marc code BD-RjUL
005 - DATE AND TIME OF LATEST TRANSACTION
control field 20211208235735.0
008 - FIXED-LENGTH DATA ELEMENTS--GENERAL INFORMATION
fixed length control field 140209s1966 njua b 001 0 eng
035 ## - SYSTEM CONTROL NUMBER
System control number (BD-RjUL)15100
System control number (OCoLC)563656
040 ## - CATALOGING SOURCE
Original cataloging agency DLC
Transcribing agency ODaWU
Modifying agency OCoLC
-- Uk
-- DLC
-- BD-RjUL
Language of cataloging eng
041 ## - LANGUAGE CODE
Language code of text/sound track or separate title eng
082 00 - DEWEY DECIMAL CLASSIFICATION NUMBER
Classification number 629.8
Author mark and year MUB 1966
100 1# - MAIN ENTRY--PERSONAL NAME
Personal name Murphy, Gordon John.
9 (RLIN) 46837
245 10 - TITLE STATEMENT
Title Basic automatic control theory /
Statement of responsibility, etc. by Gordon J. Murphy.
250 ## - EDITION STATEMENT
Edition statement 2d ed.
260 ## - PUBLICATION, DISTRIBUTION, ETC. (IMPRINT)
Place of publication, distribution, etc. Princeton, N.J., :
Name of publisher, distributor, etc. Van Nostrand,
Date of publication, distribution, etc. c1966.
300 ## - PHYSICAL DESCRIPTION
Pagination xiii, 832 p. :
Illustrations illus. ;
Size 24 cm.
504 ## - BIBLIOGRAPHY, ETC. NOTE
Bibliography, etc Includes bibliographies and index.
650 #0 - SUBJECT ADDED ENTRY--TOPICAL TERM
Topical term or geographic name as entry element Automatic control.
9 (RLIN) 46838
Topical term or geographic name as entry element Servomechanisms.
9 (RLIN) 39217
Topical term or geographic name as entry element Electronic control.
9 (RLIN) 42121
942 ## - ADDED ENTRY ELEMENTS (KOHA)
Source of classification or shelving scheme Dewey Decimal Classification
Koha item type Books
Holdings
Lost status Source of classification or shelving scheme Damaged status Not for loan Collection code Permanent Location Current Location Shelving location Date acquired Source of acquisition Total Checkouts Full call number Date last seen Copy number Koha item type
  Dewey Decimal Classification   Not For Loan Non-fiction Central Library, University of Rajshahi Central Library, University of Rajshahi Reading Room 08/07/1976 U.S.I.S   629.8 MUB 1966 09/02/2014 C-1 Books
  Dewey Decimal Classification     Non-fiction Central Library, University of Rajshahi Central Library, University of Rajshahi   08/07/1976 U.S.I.S.   629.8 MUB 1966 06/12/2018 C-2 Books